Everyday Internet Use. How do End Users Use the Mobile Internet?

Smartfón je najosobnejší zo všetkých zariadení a pre mnohých jeho používateľov sa už dlho stáva najdôležitejším prístupom na internet. Použitie je charakterizované množstvom krátkych a cielených prístupov. Mnohé z takzvaných mobilných momentov súvisia s  kontextom a preto sa zásadne odlišujú od stac...

Full description

Saved in:
Bibliographic Details
Main Author: Diedrich, Marcus
Format: Book Chapter
Language:English
Subjects:
Tags: Add Tag
No Tags, Be the first to tag this record!

MARC

LEADER 00000naa a2200000 4500
001 0243903
005 20220722104211.5
041 0 |a eng 
044 |a SK 
245 1 0 |a Everyday Internet Use. How do End Users Use the Mobile Internet?  |c Marcus Diedrich 
520 |a Smartfón je najosobnejší zo všetkých zariadení a pre mnohých jeho používateľov sa už dlho stáva najdôležitejším prístupom na internet. Použitie je charakterizované množstvom krátkych a cielených prístupov. Mnohé z takzvaných mobilných momentov súvisia s  kontextom a preto sa zásadne odlišujú od stacionárneho online prístupu. Keďže smartfón sprevádza svojho používateľa po celý deň, je vždy v dosahu a stáva sa pre neho osobným asistentom. Poskytuje prístup k rôznym aplikáciám, ktoré preberajú každodenné funkcie a komunikujú s čoraz viac prepojeným svetom. 
610 2 0 |a telefón mobilný 
610 2 0 |a siete mobilné 
610 2 0 |a aplikácie mobilné 
610 2 0 |a komunikácia sociálna 
610 2 0 |a siete sociálne 
610 2 0 |a generácie 
610 2 0 |a marketing elektronický 
610 2 0 |a marketing sieťový 
610 2 0 |a marketing sociálny 
100 1 |a Diedrich, Marcus